Bruegel Blueprints

Saved in:
书目详细资料
格式: 电子 序列
语言:Undetermined
主题:
在线阅读:Full text available from Political Science Database: 01/28/2016 to 07/09/2019
标签: 添加标签
没有标签, 成为第一个标记此记录!

MARC

LEADER 00000nas a2200000Ia 4500
001 ssj0002993087
003 WaSeSS
005 20240317044553.0
006 m d
007 cr n
008 240308c99999999xx |||||s|||||| ||und||
035 |a (WaSeSS)ssj0002993087 
040 |d WaSeSS 
245 0 0 |a Bruegel Blueprints  |h [electronic resource] 
506 |a License restrictions may limit access. 
655 0 |a Electronic journals. 
856 4 0 |z Full text available from Political Science Database: 01/28/2016 to 07/09/2019  |u https://wwwproquest.unach.elogim.com/intermediateredirectforezproxy